Equips locals d'ocupació juvenil : estudi-balanç del programa ELOJ : valoració d'una proposta estudi-balanç del programa ELOJ :
Descripción Física:
135 p. ; 21 cm
Colección:
Materials de joventut , 8
MARC
| LEADER | 00000nam a2200000Ia 4500 | ||
|---|---|---|---|
| 001 | 9875 | ||
| 003 | BGR | ||
| 005 | 20260324175323.0 | ||
| 008 | 160829s1991 xx 000 0 cat d | ||
| 080 | |a S-1-69 | ||
| 245 | |a Equips locals d'ocupació juvenil : |b estudi-balanç del programa ELOJ : |b valoració d'una proposta | ||
| 260 | |a Barcelona : |b Diputació de Barcelona, Servei de Joventut : |b INEM Barcelona, |c 1991 | ||
| 300 | |a 135 p. ; |c 21 cm | ||
| 490 | |a Materials de joventut , 8 | ||
| 650 | 0 | |a Joves |x Treball |9 26777 | |
| 651 | 0 | |a Catalunya |x Política de la joventut |9 56245 | |
| 710 | 1 | |a Barcelona (Catalunya : Província). |b Servei de Joventut |9 54681 | |
| 710 | |a Instituto Nacional de Empleo (Espanya) |b Delegación Provincial de Barcelona |9 66185 | ||
| 901 | |a Arxiu | ||
| 942 | |n 1 |2 udc |c MON | ||
| 952 | |0 0 |1 0 |4 0 |6 S169 |7 1 |9 44137 |a Arxiu |b Arxiu |d 2016-12-01 |l 0 |o S-1-69 |p 9875 |r 2016-12-01 00:00:00 |w 2016-12-01 |y ARXIU | ||
| 999 | |c 46717 |d 46717 | ||